[Event "Oceania zt (Women)"]
[Site "Nadi"]
[Date "2013.05.10"]
[Round "9"]
[White "Anton, Sarah"]
[Black "Guo, Emma"]
[Result "0-1"]
[WhiteElo "1751"]
[BlackElo "2092"]
[PlyCount "74"]
[EventDate "2013.05.05"]
[EventType "swiss"]
[EventRounds "9"]
[EventCountry "FIJ"]
[SourceTitle "CBM 154 Extra"]
[Source "ChessBase"]
[SourceDate "2013.06.25"]
[SourceVersion "2"]
[SourceVersionDate "2013.06.25"]
[SourceQuality "1"]

1. e4 e5 2. Nf3 Nc6 3. Bc4 Bc5 4. c3 Nf6 5. d3 d6 6. h3 a6 7. Bb3 h6 8. Nbd2 0-0 9. Nf1 Re8 10. Ng3 Be6 11. 0-0 d5 12. Qe2 Qd7 13. Be3 d4 14. Bxe6 Rxe6 15. cxd4 Nxd4 16. Nxd4 Bxd4 17. Nf5 Bxe3 18. Qxe3 Ne8 19. f4 Rd8 20. Rad1 exf4 21. Qxf4 Nd6 22. Nxd6 Rxd6 23. e5 Rd4 24. Qf3 Qd5 25. b3 Rd7 26. Qh5 Rxd3 27. Rxd3 Qxd3 28. Rf3 Qd5 29. Qf5 Qe6 30. Qf4 Rd1+ 31. Rf1 Rxf1+ 32. Qxf1 f6 33. exf6 Qxf6 34. Qxf6 gxf6 35. Kf2 Kf7 36. Kf3 Ke6 37. h4 c5 0-1

[Event "Oceania zt (Women)"]
[Site "Nadi"]
[Date "2013.05.06"]
[Round "3"]
[White "Wijesuriya, G Vineetha"]
[Black "Anton, Sarah"]
[Result "1-0"]
[WhiteElo "1846"]
[BlackElo "1751"]
[PlyCount "77"]
[EventDate "2013.05.05"]
[EventType "swiss"]
[EventRounds "9"]
[EventCountry "FIJ"]
[SourceTitle "CBM 154 Extra"]
[Source "ChessBase"]
[SourceDate "2013.06.25"]
[SourceVersion "2"]
[SourceVersionDate "2013.06.25"]
[SourceQuality "1"]

1. d4 Nf6 2. c4 g6 3. Nc3 Bg7 4. Nf3 0-0 5. g3 d6 6. Bg2 Nbd7 7. 0-0 a6 8. d5 Rb8 9. Nd4 Ne5 10. Qb3 Bd7 11. f4 Neg4 12. h3 Nh6 13. Be3 Qc8 14. g4 c5 15. dxc6 bxc6 16. Qa3 Ne8 17. Nf3 Be6 18. Nd2 c5 19. Rac1 Nc7 20. b3 Bd7 21. Nf3 Bc6 22. Rc2 Ne6 23. Rd1 Bxf3 24. Bxf3 Nd4 25. Bxd4 Bxd4+ 26. Kg2 e5 27. Nd5 Qd8 28. e3 Re8 29. exd4 exd4 30. Qxa6 f5 31. g5 Nf7 32. Nf6+ Kg7 33. Nxe8+ Qxe8 34. Re2 Qd7 35. Rde1 d3 36. Re7 d2 37. R1e6 Qd8 38. Qa7 Qf8 39. Rf6 1-0

[Event "Oceania zt (Women)"]
[Site "Nadi"]
[Date "2013.05.05"]
[Round "2"]
[White "Lane, Nancy"]
[Black "Anton, Sarah"]
[Result "1-0"]
[WhiteElo "1930"]
[BlackElo "1751"]
[PlyCount "95"]
[EventDate "2013.05.05"]
[EventType "swiss"]
[EventRounds "9"]
[EventCountry "FIJ"]
[SourceTitle "CBM 154 Extra"]
[Source "ChessBase"]
[SourceDate "2013.06.25"]
[SourceVersion "2"]
[SourceVersionDate "2013.06.25"]
[SourceQuality "1"]

1. d4 Nf6 2. Nf3 g6 3. g3 Bg7 4. Bg2 0-0 5. b3 d6 6. Bb2 Nbd7 7. 0-0 c6 8. Nbd2 Qc7 9. e4 e5 10. dxe5 dxe5 11. Qe2 b5 12. Rfd1 Bb7 13. Ne1 Rfe8 14. Ndf3 a6 15. Nd2 Rac8 16. c4 b4 17. a3 a5 18. Nd3 c5 19. axb4 axb4 20. Nf1 Nf8 21. f3 N6d7 22. Ne3 Ne6 23. Ra7 Ra8 24. Nd5 Qb8 25. Rxa8 Bxa8 26. Ra1 Qd6 27. Kf1 Nd4 28. Qd1 Bxd5 29. cxd5 Rc8 30. Bh3 Rc7 31. Ra8+ Nf8 32. Ra4 h5 33. Kf2 Nd7 34. Bxd7 Rxd7 35. Ra8+ Kh7 36. Kg2 Rc7 37. Ra4 Bh6 38. h4 Bg7 39. f4 exf4 40. Nxf4 Re7 41. Qd3 Be5 42. Bc1 Rb7 43. Ra6 Rb6 44. Ra7 Qf6 45. Bd2 Bd6 46. Nh3 c4 47. bxc4 b3 48. Rxf7+ 1-0

[Event "Australian Masters (Women)"]
[Site "Melbourne"]
[Date "2013.01.20"]
[Round "7"]
[White "Jarek, Katherine"]
[Black "Anton, Sarah"]
[Result "1-0"]
[WhiteElo "1940"]
[BlackElo "1778"]
[PlyCount "135"]
[EventDate "2013.01.14"]
[EventType "tourn"]
[EventRounds "7"]
[EventCountry "AUS"]
[SourceTitle "EXT 2016"]
[Source "ChessBase"]
[SourceDate "2015.10.08"]
[SourceVersion "1"]
[SourceVersionDate "2015.10.08"]
[SourceQuality "1"]

1. d4 Nf6 2. c4 g6 3. Nc3 Bg7 4. e4 d6 5. f3 0-0 6. Be3 Nbd7 7. Qd2 e5 8. d5 a5 9. g4 Nc5 10. Nge2 Bxg4 11. fxg4 Nfxe4 12. Nxe4 Nxe4 13. Qd3 Qh4+ 14. Kd1 Qxg4 15. Rg1 Qf3 16. Kc2 Nf2 17. Bxf2 Qxf2 18. Bh3 Qc5 19. Raf1 Rae8 20. Nc3 f5 21. Rg2 e4 22. Qg3 Qxc4 23. Rd1 b5 24. Kb1 f4 25. Qe1 Bxc3 26. bxc3 b4 27. cxb4 Qxb4+ 28. Rb2 Qxe1 29. Rxe1 e3 30. Be6+ Kg7 31. Rb3 Rb8 32. Kc2 Rxb3 33. axb3 Rb8 34. Bg4 Rb5 35. Bf3 Kf6 36. h4 h6 37. Rg1 Rb4 38. Kc3 Rb5 39. Kc4 Rc5+ 40. Kd4 Rb5 41. Kc4 Rb8 42. Ra1 Rb4+ 43. Kc3 Rb5 44. Kc4 Rc5+ 45. Kd3 g5 46. Rh1 g4 47. Bxg4 Rxd5+ 48. Ke4 Rb5 49. Kxf4 Rb4+ 50. Kf3 Rxb3 51. Ra1 Rb5 52. Kxe3 h5 53. Be2 Re5+ 54. Kd3 Ke6 55. Bf3 c5 56. Ra4 Kf5 57. Bxh5 Rd5+ 58. Ke3 Re5+ 59. Kf3 Ke6 60. Bg4+ Kd5 61. Rxa5 Kd4 62. h5 Re3+ 63. Kf2 Re4 64. Bf3 Rh4 65. Ra1 Ke5 66. Kg3 Rd4 67. h6 Rb4 68. Ra8 1-0

[Event "Australian Masters (Women)"]
[Site "Melbourne"]
[Date "2013.01.19"]
[Round "6"]
[White "Anton, Sarah"]
[Black "Setiabudi, Megan"]
[Result "0-1"]
[WhiteElo "1778"]
[BlackElo "1809"]
[PlyCount "96"]
[EventDate "2013.01.14"]
[EventType "tourn"]
[EventRounds "7"]
[EventCountry "AUS"]
[SourceTitle "EXT 2016"]
[Source "ChessBase"]
[SourceDate "2015.10.08"]
[SourceVersion "1"]
[SourceVersionDate "2015.10.08"]
[SourceQuality "1"]

1. e4 c5 2. Nf3 e6 3. d4 cxd4 4. Nxd4 a6 5. Bd3 Qc7 6. 0-0 Nf6 7. Qe2 d6 8. c4 Nc6 9. Nxc6 bxc6 10. Nc3 Be7 11. f4 Nd7 12. Kh1 Bb7 13. Bd2 Bf6 14. Rac1 0-0 15. b4 c5 16. a3 cxb4 17. axb4 Rfc8 18. Na4 Nb6 19. Nxb6 Qxb6 20. e5 Be7 21. exd6 Qxd6 22. c5 Qc6 23. f5 e5 24. b5 axb5 25. Bxb5 Qd5 26. Bc4 Qc6 27. Bb4 Ra4 28. Bb5 Qxg2+ 29. Qxg2 Bxg2+ 30. Kxg2 Rxb4 31. Bd7 Rxc5 32. Rxc5 Bxc5 33. Ra1 h6 34. Ra8+ Kh7 35. Be8 Rb7 36. Ra5 Bd4 37. Rb5 Re7 38. Bc6 e4 39. Kf1 e3 40. Bf3 Rc7 41. Rd5 Rc1+ 42. Ke2 Rc2+ 43. Kd1 Rd2+ 44. Ke1 Rf2 45. Be2 Bc3+ 46. Kd1 Rxh2 47. Bf1 Bd2 48. Ra5 Bxa5 0-1

[Event "Australian Masters (Women)"]
[Site "Melbourne"]
[Date "2013.01.17"]
[Round "4"]
[White "Anton, Sarah"]
[Black "Krstevska, Tanya"]
[Result "1-0"]
[WhiteElo "1778"]
[BlackElo "1578"]
[PlyCount "199"]
[EventDate "2013.01.14"]
[EventType "tourn"]
[EventRounds "7"]
[EventCountry "AUS"]
[SourceTitle "EXT 2016"]
[Source "ChessBase"]
[SourceDate "2015.10.08"]
[SourceVersion "1"]
[SourceVersionDate "2015.10.08"]
[SourceQuality "1"]

1. e4 c5 2. Nf3 d6 3. d4 cxd4 4. Nxd4 Nf6 5. Nc3 a6 6. Be3 e6 7. f3 Be7 8. Qd2 Nc6 9. 0-0-0 Qc7 10. g4 e5 11. Nf5 Bxf5 12. exf5 h6 13. h4 0-0-0 14. Bh3 d5 15. Bf2 Bb4 16. a3 Bxc3 17. Qxc3 d4 18. Qc4 Nd5 19. Rhe1 f6 20. Bf1 Rhe8 21. Bd3 Re7 22. Be4 Red7 23. Rd3 Na5 24. Qxc7+ Rxc7 25. Bxd5 Rxd5 26. Re2 Rcd7 27. Be1 Nc6 28. Bg3 Re7 29. Re4 Red7 30. Kb1 Kd8 31. Kc1 Kc8 32. Bf2 Kd8 33. Bg3 Kc8 34. f4 exf4 35. Bxf4 Ne5 36. Rb3 Kd8 37. g5 hxg5 38. hxg5 Nf7 39. gxf6 gxf6 40. Rg3 Re7 41. Rg8+ Kd7 42. Rxe7+ Kxe7 43. Rb8 Rd7 44. Rg8 Nd6 45. Rg7+ Ke8 46. Bxd6 Rxd6 47. Rxb7 Kd8 48. Kd2 Kc8 49. Rh7 Rd5 50. Rh5 Kb7 51. Kd3 Kc6 52. Ke4 Rd6 53. Rh8 Kb7 54. Re8 Rb6 55. Re7+ Kc8 56. b4 Rc6 57. Kxd4 Rxc2 58. Re3 Kd7 59. Re6 Rf2 60. Rxf6 Rf3 61. Rxa6 Rxf5 62. Kc4 Kc7 63. b5 Kb7 64. Rd6 Rf4+ 65. Rd4 Rf6 66. Kb4 Kc7 67. a4 Rf1 68. Rc4+ Kb7 69. Rd4 Kc7 70. a5 Rb1+ 71. Kc5 Rc1+ 72. Rc4 Rh1 73. b6+ Kb7 74. Kb5 Rb1+ 75. Kc5 Rh1 76. Kb5 Rb1+ 77. Rb4 Rg1 78. Rd4 Rf1 79. Kc5 Rc1+ 80. Kd6 Ka6 81. Rd5 Rh1 82. Kc7 Rc1+ 83. Kd7 Rh1 84. Kc7 Rh7+ 85. Kb8 Rb7+ 86. Kc8 Rb8+ 87. Kd7 Rh8 88. Re5 Rh7+ 89. Re7 Rh1 90. Kc7 Rc1+ 91. Kb8 Kxa5 92. Kb7 Kb5 93. Re6 Kb4 94. Rd6 Rc2 95. Rd3 Kb5 96. Ra3 Kc5 97. Ra5+ Kd6 98. Ka8 Rh2 99. b7 Rh8+ 100. b8Q+ 1-0

[Event "Australian Masters (Women)"]
[Site "Melbourne"]
[Date "2013.01.15"]
[Round "2"]
[White "Chibnall, Alana"]
[Black "Anton, Sarah"]
[Result "1-0"]
[WhiteElo "1873"]
[BlackElo "1778"]
[PlyCount "79"]
[EventDate "2013.01.14"]
[EventType "tourn"]
[EventRounds "7"]
[EventCountry "AUS"]
[SourceTitle "EXT 2016"]
[Source "ChessBase"]
[SourceDate "2015.10.08"]
[SourceVersion "1"]
[SourceVersionDate "2015.10.08"]
[SourceQuality "1"]

1. e4 c5 2. f4 d6 3. Nc3 Nc6 4. g3 g6 5. Bg2 Bg7 6. d3 e6 7. Be3 Nge7 8. Qd2 0-0 9. Nge2 a6 10. 0-0 Nd4 11. Nd1 Bd7 12. c3 Nxe2+ 13. Qxe2 Nc6 14. g4 Qe7 15. f5 exf5 16. exf5 Bf6 17. Qd2 g5 18. Nf2 h6 19. h4 Ne5 20. Ne4 Nxg4 21. Nxf6+ Qxf6 22. hxg5 hxg5 23. Bxg5 Qh8 24. Qf4 Bxf5 25. Qg3 Be6 26. Bf6 Qh6 27. Rae1 Rae8 28. c4 Bc8 29. Be4 Re5 30. Bxe5 dxe5 31. Bf5 Bxf5 32. Rxf5 Qg6 33. Re4 Qxf5 34. Rxg4+ Qxg4 35. Qxg4+ Kh7 36. Qh5+ Kg8 37. Qxe5 f6 38. Qxc5 Kg7 39. d4 Rf7 40. d5 1-0

[Event "Doeberl Cup Major 48th"]
[Site "Canberra"]
[Date "2010.04.03"]
[Round "3"]
[White "Anton, Sarah"]
[Black "Christensen, Joshua"]
[Result "0-1"]
[WhiteElo "1720"]
[BlackElo "1634"]
[PlyCount "70"]
[EventDate "2010.04.02"]
[EventType "swiss"]
[EventRounds "7"]
[EventCountry "AUS"]
[SourceTitle "EXT 2012"]
[Source "ChessBase"]
[SourceDate "2011.11.24"]
[SourceVersion "1"]
[SourceVersionDate "2011.11.24"]
[SourceQuality "1"]

1. e4 d5 2. exd5 Qxd5 3. Nc3 Qa5 4. d4 c6 5. Nf3 Nf6 6. Bd3 Bg4 7. h3 Bh5 8. a3 e6 9. 0-0 Be7 10. Bf4 0-0 11. g4 Bg6 12. Re1 Nbd7 13. Qe2 Bxd3 14. Qxd3 Nd5 15. Nxd5 cxd5 16. Qe2 Rac8 17. c3 Nb6 18. Rac1 Nc4 19. Rc2 b5 20. Ne5 Nxe5 21. Bxe5 Qa4 22. Bg3 a5 23. Rec1 Rc6 24. Rb1 Qb3 25. Rbc1 Rfc8 26. Kg2 b4 27. Qb5 Qc4 28. Qxa5 bxa3 29. Qa7 axb2 30. Rxb2 Bf8 31. Rcc2 Qd3 32. Qd7 Rxc3 33. Rxc3 Rxc3 34. Rb7 Qf3+ 35. Kh2 Rc1 0-1

[Event "Wch U20 Girls"]
[Site "Puerto Madryn"]
[Date "2009.10.23"]
[Round "2"]
[White "Anton, Sarah"]
[Black "Mikadze, Miranda"]
[Result "0-1"]
[WhiteElo "1820"]
[BlackElo "2317"]
[PlyCount "68"]
[EventDate "2009.10.22"]
[EventType "swiss"]
[EventRounds "13"]
[EventCountry "ARG"]
[SourceTitle "EXT 2010"]
[Source "ChessBase"]
[SourceDate "2010.11.25"]
[SourceVersion "1"]
[SourceVersionDate "2010.11.25"]
[SourceQuality "1"]

1. e4 d6 2. d4 Nf6 3. Nc3 e5 4. Nf3 Nbd7 5. h3 Be7 6. Be3 c6 7. Qd2 b5 8. Bd3 0-0 9. g4 Bb7 10. a3 a5 11. Ne2 exd4 12. Nexd4 c5 13. Nxb5 Nxe4 14. Qe2 d5 15. 0-0-0 Nd6 16. Nxd6 Bxd6 17. Ng5 Nf6 18. f3 Re8 19. Qf2 Rxe3 20. Qxe3 Qc7 21. Ne6 fxe6 22. Qxe6+ Kf8 23. Bb5 c4 24. a4 Rd8 25. Rhe1 c3 26. Rd3 cxb2+ 27. Kxb2 Bg3 28. Re2 Qd6 29. g5 Qxe6 30. Rxe6 Nd7 31. Rd1 Kf7 32. Re2 Bf4 33. h4 Nc5 34. c4 d4 0-1

[Event "Oceania zt (Women)"]
[Site "Gold Coast"]
[Date "2009.06.21"]
[Round "2"]
[White "Anton, Sarah"]
[Black "Guo, Emma"]
[Result "1-0"]
[WhiteElo "1718"]
[BlackElo "1845"]
[PlyCount "119"]
[EventDate "2009.06.20"]
[EventType "swiss"]
[EventRounds "9"]
[EventCountry "AUS"]
[SourceTitle "CBM 131 Extra"]
[Source "ChessBase"]
[SourceDate "2009.09.03"]
[SourceVersion "2"]
[SourceVersionDate "2009.09.16"]
[SourceQuality "1"]

1. e4 c5 2. Nf3 e6 3. d4 cxd4 4. Nxd4 a6 5. a3 Qc7 6. Nc3 Nc6 7. Be3 Nf6 8. f3 Be7 9. Qd2 d6 10. g4 h6 11. 0-0-0 Bd7 12. h4 0-0-0 13. Kb1 Ne5 14. h5 Bc6 15. Qf2 d5 16. Nxc6 Qxc6 17. exd5 Nxd5 18. Nxd5 Rxd5 19. Rxd5 Qxd5 20. Be2 Nxg4 21. Qg1 Nxe3 22. Qxe3 Bf6 23. Bd3 Qd4 24. Qxd4 Bxd4 25. a4 Rd8 26. Rh4 Kc7 27. c3 Bc5 28. Bc4 Kd6 29. Rg4 Rg8 30. Kc2 Ke7 31. Bd3 Bd6 32. b4 Be5 33. Rc4 Kf6 34. f4 Bd6 35. a5 Rd8 36. Be4 Rd7 37. Rd4 Ke7 38. Bf3 Rc7 39. Kb3 e5 40. fxe5 Bxe5 41. Rc4 Kd6 42. Be4 Re7 43. Bf5 Bf6 44. Re4 Be5 45. c4 Rc7 46. Re3 Bf4 47. Re4 Bg5 48. Re8 Be7 49. Be4 Kd7 50. Rb8 Bd6 51. Rxb7 Kc8 52. Rb6 Re7 53. Bf5+ Kc7 54. Rxa6 Re3+ 55. Ka4 Rc3 56. Kb5 Be7 57. Rc6+ Kb8 58. Kb6 Bd8+ 59. Ka6 Bc7 60. c5 1-0

[Event "Oceania zt (Women)"]
[Site "Gold Coast"]
[Date "2009.06.21"]
[Round "4"]
[White "Anton, Sarah"]
[Black "Russell, Luthien"]
[Result "1-0"]
[WhiteElo "1718"]
[BlackElo "1769"]
[PlyCount "46"]
[EventDate "2009.06.20"]
[EventType "swiss"]
[EventRounds "9"]
[EventCountry "AUS"]
[SourceTitle "CBM 131 Extra"]
[Source "ChessBase"]
[SourceDate "2009.09.03"]
[SourceVersion "2"]
[SourceVersionDate "2009.09.16"]
[SourceQuality "1"]

1. e4 c5 2. Nf3 e6 3. d4 cxd4 4. Nxd4 a6 5. Nc3 Qc7 6. Bd3 Nf6 7. f4 d6 8. Be3 b5 9. a3 Bb7 10. Qf3 Nbd7 11. 0-0 Be7 12. Rae1 Nc5 13. f5 0-0 14. Rc1 d5 15. exd5 Nxd5 16. Nxd5 Bxd5 17. Qg4 Nxd3 18. cxd3 Qe5 19. Bf2 exf5 20. Nxf5 Bf6 21. Bd4 Qe6 22. Rce1 Bxd4+ 23. Qxd4 Qg6 1-0

[Event "Queenstown op"]
[Site "Queenstown"]
[Date "2009.01.20"]
[Round "6"]
[White "Nyberg, Michael"]
[Black "Anton, Sarah"]
[Result "1-0"]
[WhiteElo "1969"]
[BlackElo "1682"]
[PlyCount "155"]
[EventDate "2009.01.15"]
[EventType "swiss"]
[EventRounds "10"]
[EventCountry "NZL"]
[SourceTitle "CBM 128 Extra"]
[Source "ChessBase"]
[SourceDate "2009.03.05"]
[SourceVersion "2"]
[SourceVersionDate "2009.03.25"]
[SourceQuality "1"]

1. e4 c5 2. Nf3 d6 3. b3 Nf6 4. Nc3 a6 5. Bb2 e6 6. Be2 Be7 7. 0-0 0-0 8. d4 cxd4 9. Nxd4 b5 10. Bf3 Ra7 11. Qe1 b4 12. Nd1 d5 13. exd5 Nxd5 14. Bxd5 Qxd5 15. Ne3 Qc5 16. Nf3 Rd7 17. Nc4 Bb7 18. Nfe5 Rc7 19. a3 bxa3 20. Rxa3 Nc6 21. Nd3 Qg5 22. Bc1 Qg6 23. Nf4 Qxc2 24. Ne3 Qc5 25. Ra4 Qb5 26. Qd1 Ne5 27. Bb2 Bf6 28. Qa1 Nd7 29. Bxf6 Nxf6 30. Ra5 Qb4 31. Qe5 Qc3 32. Nc4 Qxe5 33. Rxe5 Nd5 34. Nd3 Rd8 35. Na5 Ba8 36. h3 Rc3 37. Nb2 Rb8 38. Nbc4 Rb5 39. Rd1 Kf8 40. Rd4 Ke7 41. Rg5 g6 42. Rh4 h5 43. Re5 f6 44. Re1 Nb4 45. g4 Nd3 46. Rd1 Nf4 47. gxh5 Nxh5 48. Rhd4 Rg5+ 49. Kf1 Bg2+ 50. Ke1 Bd5 51. Ne3 Rg1+ 52. Kd2 Rxd1+ 53. Kxd1 Bxb3+ 54. Kd2 e5 55. Rb4 Rxe3 56. Kxe3 Bd5 57. h4 Nf4 58. f3 Ke6 59. Rb6+ Kf5 60. Kf2 Nd3+ 61. Ke3 Ne1 62. Nc6 Bxc6 63. Rxc6 Ng2+ 64. Kf2 Nxh4 65. Rxa6 g5 66. Kg3 Ng6 67. Ra4 Nf8 68. Rb4 Ne6 69. Rb5 Nd4 70. Rb6 Ne2+ 71. Kf2 Nf4 72. Kg3 Nh5+ 73. Kf2 g4 74. Rb4 gxf3 75. Kxf3 Ng7 76. Ra4 Ne6 77. Ke3 Nc7 78. Ra5 1-0

[Event "Queenstown op"]
[Site "Queenstown"]
[Date "2009.01.17"]
[Round "3"]
[White "Anton, Sarah"]
[Black "Grigoryan, Meri"]
[Result "1-0"]
[WhiteElo "1682"]
[BlackElo "2092"]
[PlyCount "161"]
[EventDate "2009.01.15"]
[EventType "swiss"]
[EventRounds "10"]
[EventCountry "NZL"]
[SourceTitle "CBM 128 Extra"]
[Source "ChessBase"]
[SourceDate "2009.03.05"]
[SourceVersion "2"]
[SourceVersionDate "2009.03.25"]
[SourceQuality "1"]

1. e4 e5 2. Nf3 Nc6 3. Bc4 f5 4. d3 Nf6 5. Ng5 d5 6. exd5 Nxd5 7. Qf3 Nd4 8. Qxd5 Qxd5 9. Bxd5 Nxc2+ 10. Kd1 Nxa1 11. Re1 Bd6 12. Nf7 Rf8 13. Nxe5 Bxe5 14. Rxe5+ Kd7 15. Bf4 h6 16. Nc3 g5 17. Be3 Kd6 18. f4 c6 19. Bc4 b6 20. b4 Bd7 21. b5 Rae8 22. d4 Rc8 23. Bc1 Rfe8 24. Ba3+ Kc7 25. bxc6 Bxc6 26. d5 gxf4 27. Rxf5 Bd7 28. Rf7 Kd8 29. Rxf4 b5 30. Nxb5 Bxb5 31. Bxb5 Rg8 32. Rf2 Rb8 33. Bd3 Nb3 34. Rb2 Rg5 35. Rxb3 Rxb3 36. axb3 Rxd5 37. Kc2 Ra5 38. Bb2 Kd7 39. b4 Rg5 40. g3 h5 41. Bf6 Rg8 42. Bd4 h4 43. Bb5+ Ke7 44. Kb3 hxg3 45. hxg3 Rxg3+ 46. Ka4 Rg8 47. Ka5 Kd6 48. Bxa7 Ra8 49. Ka6 Rh8 50. Bc5+ Kc7 51. Bb6+ Kd6 52. Be2 Rh2 53. Bf3 Rh3 54. Bb7 Ra3+ 55. Ba5 Rh3 56. b5 Kc5 57. Bc6 Rh6 58. Kb7 Rh7+ 59. Bc7 Rh6 60. Bb6+ Kb4 61. Be3 Rh3 62. Bf4 Rh7+ 63. Bc7 Kc5 64. b6 Rg7 65. Ba4 Rg4 66. Bc2 Rg2 67. Bf5 Rf2 68. Bd7 Rf7 69. Bc8 Rf6 70. Ka7 Rf7 71. Kb8 Kc6 72. Bh3 Rf8+ 73. Ka7 Rh8 74. Bg2+ Kd7 75. Bb8 Rg8 76. Bd5 Rg3 77. Bb7 Rg7 78. Ba6 Kc6+ 79. b7 Rh7 80. Be5 Re7 81. Ka8 1-0

[Event "Queenstown op"]
[Site "Queenstown"]
[Date "2009.01.16"]
[Round "2"]
[White "Harris, Rebecca"]
[Black "Anton, Sarah"]
[Result "0-1"]
[WhiteElo "1875"]
[BlackElo "1682"]
[PlyCount "84"]
[EventDate "2009.01.15"]
[EventType "swiss"]
[EventRounds "10"]
[EventCountry "NZL"]
[SourceTitle "CBM 128 Extra"]
[Source "ChessBase"]
[SourceDate "2009.03.05"]
[SourceVersion "2"]
[SourceVersionDate "2009.03.25"]
[SourceQuality "1"]

1. e4 c5 2. c3 d5 3. exd5 Qxd5 4. d4 Nc6 5. Nf3 Bg4 6. Be2 e6 7. 0-0 Nf6 8. Be3 cxd4 9. cxd4 Be7 10. Nc3 Qd7 11. h3 Bh5 12. Qb3 0-0 13. Rfd1 Rfd8 14. g4 Bg6 15. Ne5 Qc7 16. Bf4 Nxe5 17. Bxe5 Qc6 18. Nb5 Bc2 19. Qg3 Bxd1 20. Rxd1 Ne4 21. Qd3 Bh4 22. Bf3 Nxf2 23. Bxc6 Nxd3 24. Bxb7 Nxe5 25. Bxa8 Nc4 26. Be4 a6 27. Nc7 a5 28. b3 Nb6 29. d5 Bg3 30. Rc1 Rc8 31. Rc6 Bxc7 32. d6 Bd8 33. Rxc8 Nxc8 34. d7 Nb6 35. Bc6 Kf8 36. Kf2 Ke7 37. Ke3 Nxd7 38. Be4 h6 39. Kd4 Kd6 40. Kc4 Nb6+ 41. Kb5 Nd5 42. a3 Nc3+ 0-1